Podnikový controlling a informačný systém

Salvato in:
Dettagli Bibliografici
Autore principale: Pohanková, Lucia
Natura: Libro
Lingua:slovacco
Pubblicazione: Bratislava STU FCHPT 2007
Accesso online:Visualizza in OPAC
Tags: Aggiungi Tag
Nessun Tag, puoi essere il primo ad aggiungerne!!

MARC

LEADER 00000nam a2200000 a 4500
005 20260127134019.0
008 060607 2006 xo 000 0 slo d
035 |a vtls009008495 
039 9 |y 200707201017  |z mschk03 
040 |a STUSCHK1  |b slo  |c STUSCHK1  |e AACR2 
100 1 |a Pohanková, Lucia 
245 1 |a Podnikový controlling a informačný systém  |c Lucia Pohanková 
260 |a Bratislava  |b STU FCHPT  |c 2007 
300 |a 86 s.  |b tab., lit.  |c 29 cm 
500 |a Obháj.: 7.6. 2007 
500 |a Špec.: Manažment chemických a potravinárskych podnikov 
500 |a Odddelenie manažmentu 
910 |a SCHK95 
999 |c 2133  |d 2133